000 00330 a2200157 4500
001 177619
020 _a
040 _cMagnum
100 _aMachado,ana Maria
240 1 0 _aA galinha e o ratinho
_lpor
245 1 0 _aA galinha e o ratinho
362 0 _a1899
440 1 _aÁtica
697 _aMAGNITO: I/ANIMAIS
942 _cBK
999 _c177619
_d177619